[Event "East Detroit (MCO/5/34)"]
[Site "?"]
[Date "1985.??.??"]
[Round "?"]
[White "Santus, Nick"]
[Black "Khan, N.."]
[Result "1/2-1/2"]
[WhiteElo "1650"]
[BlackElo "1605"]
[PlyCount "54"]
[EventDate "1985.??.??"]

{5/(34)} 1. e4 e5 2. Nf3 Nc6 3. Bb5 Bc5 4. O-O d6 5. b4 Bxb4 6. c3 Ba5 7. d4
exd4 8. cxd4 Bd7 9. Bb2 a6 10. d5 Ne5 11. Bxd7+ Qxd7 12. Nxe5 dxe5 13. Bxe5 f6
14. Bc3 Bxc3 15. Nxc3 O-O-O 16. Rb1 Ne7 17. Qb3 b6 18. Na4 Qd6 19. Rbc1 Kd7 20.
Rc2 h5 21. Rfc1 Rc8 22. Qc4 b5 23. Nc5+ Ke8 24. Qb3 g5 25. Ne6 c6 26. Rd2 c5
27. Qg3 Kd7 1/2-1/2

[Event "East Detroit (MCO/1/8)"]
[Site "?"]
[Date "1985.??.??"]
[Round "?"]
[White "Santus, Nick"]
[Black "Avery, Robert W"]
[Result "1/2-1/2"]
[WhiteElo "1650"]
[BlackElo "2170"]
[PlyCount "96"]
[EventDate "1985.??.??"]

{1/(8)} 1. e4 e5 2. Nf3 Nc6 3. Bb5 Nf6 4. O-O Nxe4 5. Re1 Nd6 6. Bxc6 bxc6 7.
Nxe5 Be7 8. d4 O-O 9. Nc3 f6 10. Nf3 Re8 11. Bf4 Nc4 12. b3 Nb6 13. a3 d5 14.
Qd3 a5 15. Nd1 Qd7 16. Ne3 g6 17. h3 c5 18. Ng4 c4 19. Qd2 cxb3 20. cxb3 a4 21.
Rxe7 Qxe7 22. Re1 Qxe1+ 23. Nxe1 Bxg4 24. hxg4 axb3 25. Nd3 Rxa3 26. Qb4 Nc4
27. Nb2 Ra1+ 28. Kh2 Nxb2 29. Qxb3 Nc4 30. Qb5 Kf8 31. Qd7 Re7 32. Bh6+ Kf7 33.
Qxd5+ Ke8 34. Qxc4 g5 35. Qg8+ Kd7 36. Bg7 Re2 37. Bxf6 Rxf2 38. Qd5+ Kc8 39.
Qc6 Raa2 40. Be5 Rac2 41. Qd5 h6 42. Bg7 c6 43. Qe4 Rfe2 44. Qf3 Rf2 45. Qg3
Rfd2 46. Bxh6 Rxd4 47. Bxg5 Rdc4 48. Kh3 c5 1/2-1/2

[Event "Westland (SEMO Res/2/23)"]
[Site "?"]
[Date "1985.??.??"]
[Round "?"]
[White "Sanborn, Richard"]
[Black "White, B.."]
[Result "1-0"]
[WhiteElo "1765"]
[BlackElo "1605"]
[PlyCount "47"]
[EventDate "1985.??.??"]

{2/(23)} 1. e4 d5 2. exd5 Qxd5 3. Nc3 Qa5 4. Nf3 Bf5 5. Bc4 Nf6 6. O-O e6 7. d4
Nbd7 8. Bd2 c6 9. a3 Be7 10. Re1 O-O-O 11. Nd5 Qxd2 12. Nxe7+ Kb8 13. Qxd2 Bg4
14. Qb4 Ka8 15. Ne5 Nxe5 16. dxe5 Nd7 17. f3 Bh5 18. Red1 c5 19. Qd2 Rhe8 20.
Qd6 a6 21. Bxa6 Nxe5 22. Qxd8+ Rxd8 23. Rxd8+ Ka7 24. Bf1 1-0

[Event "Westland (SEMO Res/5/21)"]
[Site "?"]
[Date "1985.??.??"]
[Round "?"]
[White "Sanborn, Richard"]
[Black "Riseman, J.."]
[Result "0-1"]
[WhiteElo "1765"]
[BlackElo "1620"]
[PlyCount "74"]
[EventDate "1985.??.??"]

{5/(21)} 1. e4 e5 2. Nf3 Nc6 3. Bc4 Bc5 4. O-O Nf6 5. Re1 d6 6. c3 Bg4 7. d4
exd4 8. Bg5 O-O 9. h3 Bh5 10. g4 dxc3 11. Nxc3 Bg6 12. Nd5 Re8 13. Bxf6 gxf6
14. Nd2 Ne5 15. Bf1 c6 16. Nc3 Qb6 17. Qe2 d5 18. Na4 Qb4 19. Nxc5 Qxc5 20. Kg2
dxe4 21. Nxe4 Qd5 22. Kg3 Kg7 23. f4 Nxg4 24. Qxg4 Rxe4 25. Rad1 Qf5 26. Qf3
Qe6 27. Rxe4 Qxe4 28. Qb3 Bh5 29. Bg2 Bxd1 30. Qxb7 Qe3+ 31. Kh2 Qxf4+ 32. Kh1
Re8 33. Qb4 Qxb4 34. Be4 Qxe4+ 35. Kh2 Qf3 36. h4 Re2+ 37. Kg1 Qg2# 0-1

[Event "Westland (SEMO Res/4/23)"]
[Site "?"]
[Date "1985.??.??"]
[Round "?"]
[White "Sanborn, Richard"]
[Black "Fuson, J.."]
[Result "1-0"]
[WhiteElo "1765"]
[BlackElo "1605"]
[PlyCount "53"]
[EventDate "1985.??.??"]

{4/(23)} 1. e4 e5 2. f4 d6 3. Nf3 Nf6 4. Nc3 exf4 5. Bc4 Nc6 6. d4 Bg4 7. O-O
Be7 8. Bxf4 O-O 9. h3 Bh5 10. a3 Nd7 11. g4 Bg6 12. Qe1 Nb6 13. Bb3 Re8 14. Qg3
Na5 15. Ba2 c6 16. Rf2 Nac4 17. Bxc4 Nxc4 18. b3 Nb6 19. h4 h6 20. h5 Bh7 21.
g5 hxg5 22. Bxg5 Bxg5 23. Nxg5 f6 24. Nxh7 Kxh7 25. Qg6+ Kh8 26. h6 Rg8 27. Rh2
1-0

[Event "Westland (SEMO/4/13)"]
[Site "?"]
[Date "1985.??.??"]
[Round "?"]
[White "Rutkofske, Lonnie"]
[Black "Murray, David"]
[Result "0-1"]
[WhiteElo "1880"]
[BlackElo "2060"]
[PlyCount "56"]
[EventDate "1985.??.??"]

{4/(13)} 1. c4 Nf6 2. Nc3 e6 3. g3 c5 4. Bg2 Nc6 5. d3 d5 6. Bg5 Be7 7. Nf3 h6
8. cxd5 exd5 9. Bf4 d4 10. Ne4 Nxe4 11. dxe4 g5 12. Bc1 g4 13. Nd2 h5 14. f4 h4
15. Kf2 h3 16. Bf1 f5 17. Qb3 Na5 18. Qd5 Qb6 19. exf5 Bd7 20. Nc4 Nxc4 21.
Qxc4 Bxf5 22. e4 Bxe4 23. Qb5+ Qc6 24. Rg1 O-O-O 25. Bd2 d3 26. Qxc6+ Bxc6 27.
Rc1 Rhe8 28. b3 Bf6 0-1

[Event "Westland (SEMO/3/13)"]
[Site "?"]
[Date "1985.??.??"]
[Round "?"]
[White "Rutkofske, Lonnie"]
[Black "Jarosz, Stan"]
[Result "0-1"]
[WhiteElo "1880"]
[BlackElo "2030"]
[PlyCount "40"]
[EventDate "1985.??.??"]

{3/(13)} 1. c4 e6 2. Nc3 d5 3. d4 Be7 4. Nf3 Nf6 5. Bg5 h6 6. Bxf6 Bxf6 7. e4
dxe4 8. Nxe4 O-O 9. Nxf6+ Qxf6 10. Qb3 Nc6 11. Rd1 Rd8 12. Bd3 Nxd4 13. Nxd4
Rxd4 14. O-O b6 15. Bb1 Rxd1 16. Rxd1 Bb7 17. Qd3 g6 18. Qd2 Qg5 19. f4 Qc5+
20. Qd4 Rd8 0-1

[Event "Westland (SEMO/1a/8)"]
[Site "?"]
[Date "1985.??.??"]
[Round "?"]
[White "Rutkofske, Lonnie"]
[Black "Groisser, D.."]
[Result "1-0"]
[WhiteElo "1880"]
[BlackElo "2055"]
[PlyCount "51"]
[EventDate "1985.??.??"]

1. c4 c5 2. Nc3 Nf6 3. g3 d5 4. cxd5 Nxd5 5. Bg2 Nc7 6. Nf3 Nc6 7. O-O e5 8. d3
Be7 9. Be3 O-O 10. Rc1 Bd7 11. Nd2 Rc8 12. Nce4 b6 13. Nc4 Be8 14. a4 Nd5 15.
Bd2 Rb8 16. Nc3 Ndb4 17. f4 f6 18. h3 Bf7 19. Kh2 Nd5 20. fxe5 Nxe5 21. Nxe5
fxe5 22. Rxf7 Kxf7 23. Bxd5+ Ke8 24. Bc6+ Kf7 25. Qb3+ Kg6 26. Qe6+ 1-0

[Event "East Detroit (MCO/1/30)"]
[Site "?"]
[Date "1985.??.??"]
[Round "?"]
[White "Roland, J.."]
[Black "Waters, J.."]
[Result "0-1"]
[WhiteElo "1605"]
[BlackElo "1885"]
[PlyCount "86"]
[EventDate "1985.??.??"]

{1/(30)} 1. e4 e6 2. Nf3 c5 3. Nc3 Nc6 4. d3 Be7 5. Be2 Nf6 6. Bf4 a6 7. h3 d5
8. e5 Nd7 9. O-O Qc7 10. Re1 Ndxe5 11. Nxe5 Nxe5 12. Bf1 Bd6 13. Qe2 Ng6 14.
Bxd6 Qxd6 15. g3 O-O 16. Bg2 b5 17. a3 Bb7 18. b4 cxb4 19. axb4 Qxb4 20. Nb1
Rfc8 21. c3 Qd6 22. Nd2 Rxc3 23. Nf3 Rac8 24. Rad1 Rc2 25. Rd2 Rxd2 26. Qxd2 d4
27. Qe2 Nf8 28. Nh2 Bxg2 29. Kxg2 Qc6+ 30. Nf3 f6 31. Kh2 e5 32. Nh4 Qc2 33.
Qf3 Qd2 34. Re2 Qd1 35. Nf5 Rc1 36. Qg2 Qxd3 37. Ne7+ Kf7 38. Qb7 Qxe2 39. Nf5+
Kg6 40. Nh4+ Kh5 41. Qf7+ Ng6 42. g4+ Kxh4 43. Kg2 Nf4+ 0-1

[Event "East Detroit (MCO/6/45)"]
[Site "?"]
[Date "1985.??.??"]
[Round "?"]
[White "Roland, J.."]
[Black "Foord, Allan"]
[Result "0-1"]
[WhiteElo "1605"]
[BlackElo "1675"]
[PlyCount "73"]
[EventDate "1985.??.??"]

{6/(45)} 1. d4 Nf6 2. c4 c5 3. d5 e6 4. Nc3 exd5 5. cxd5 d6 6. e4 g6 7. Qb3 Bg7
8. Bb5+ Nbd7 9. Bxd7+ Qxd7 10. Bg5 O-O 11. f3 b6 12. Nge2 Ba6 13. O-O Rab8 14.
Qc2 b5 15. a3 Rfc8 16. b3 Ne8 17. Be3 b4 18. axb4 Bxe2 19. bxc5 Bxf1 20. Kxf1
dxc5 21. b4 cxb4 22. Rxa7 Qd8 23. Qa2 bxc3 24. d6 Nxd6 25. Bf4 c2 26. e5 c1=Q+
27. Bxc1 Rxc1+ 28. Kf2 Qb6+ 29. Kg3 Bxe5+ 30. Kh3 Rh1 31. g3 Qb2 32. Qxb2 Rxb2
33. Ra8+ Kg7 34. f4 Rbxh2+ 35. Kg4 h5+ 36. Kf3 Rf1+ {[White played the illegal
37.Ke4.0-1, 43?]} 37. Ke3 0-1

[Event "East Detroit (MCO/5/46)"]
[Site "?"]
[Date "1985.??.??"]
[Round "?"]
[White "Roland, J.."]
[Black "Fleming, G.."]
[Result "0-1"]
[WhiteElo "1605"]
[BlackElo "1605"]
[PlyCount "128"]
[EventDate "1985.??.??"]

{5/(46)} 1. e4 c5 2. Nf3 a6 3. Bc4 e6 4. Nc3 Nc6 5. d3 h6 6. Be3 Nf6 7. h3 Bd6
8. O-O Ne5 9. d4 Nxc4 10. e5 Nxe3 11. exf6 Bc7 12. fxe3 Qxf6 13. dxc5 O-O 14.
Rb1 b6 15. cxb6 Bxb6 16. Nd4 Qe5 17. Qf3 Rb8 18. Nce2 Bc7 19. g3 Bb7 20. Qf2
Qe4 21. Qf3 Qg6 22. Qf2 Qh5 23. Qh2 Bb6 24. c3 e5 25. Nc2 Qg6 26. Nc1 Be4 27.
Rf2 Bxe3 28. Nxe3 Bxb1 29. g4 d6 30. b3 Be4 31. Ne2 Rbc8 32. c4 Qg5 33. Nf5
Rfd8 34. Qg3 g6 35. h4 Qd2 36. Ne7+ Kh7 37. Kh2 Ba8 38. h5 g5 39. Nf4 Qe1 40.
Qd3+ Be4 41. Qf1 Qxf1 42. Rxf1 exf4 43. Nf5 Re8 44. Re1 Bxf5 45. Rxe8 Rxe8 46.
gxf5 Re2+ 47. Kh3 Rxa2 48. b4 Ra4 49. c5 dxc5 50. bxc5 Rc4 51. Kg4 Rxc5 52. f6
a5 53. Kh3 a4 54. Kg4 a3 55. Kh3 a2 56. Kg4 a1=Q 57. Kh3 Qh1+ 58. Kg4 Qh4+ 59.
Kf3 Re5 60. Kg2 Qg3+ 61. Kf1 Ra5 62. Ke2 Ra2+ 63. Kf1 Qb3 64. Ke1 Qb1# 0-1

[Event "East Detroit (MCO/3/46)"]
[Site "?"]
[Date "1985.??.??"]
[Round "?"]
[White "Roland, J.."]
[Black "Atkinson, H.."]
[Result "0-1"]
[WhiteElo "1605"]
[BlackElo "1665"]
[PlyCount "124"]
[EventDate "1985.??.??"]

{3/(46)} 1. e4 d6 2. d4 g6 3. Nf3 Bg7 4. Be2 Nf6 5. Qd3 Nbd7 6. Be3 O-O 7. Nbd2
Ng4 8. c3 Nxe3 9. fxe3 b6 10. O-O a5 11. Qc2 Bh6 12. Kf2 Bb7 13. Rae1 Nf6 14.
h3 Nd7 15. Bd3 Rc8 16. Kg1 c5 17. d5 Bg7 18. Rf2 Ne5 19. Ref1 Qc7 20. Nc4 Nxd3
21. Qxd3 h6 22. Na3 Qd7 23. Nc4 Qc7 24. Na3 Ra8 25. c4 Ba6 26. Qb3 Qb7 27. Nb5
Bxb5 28. Qxb5 a4 29. Qc6 Qxc6 30. dxc6 Rac8 31. b3 a3 32. Ne1 Rxc6 33. Nc2 Bb2
34. g4 Rc7 35. Kg2 Rb7 36. b4 Ra7 37. h4 Ra4 38. bxc5 bxc5 39. h5 g5 40. Rf5
Rxc4 41. Ne1 Rxe4 42. R5f3 Rxg4+ 43. Kh3 Rh4+ 44. Kg2 Be5 45. Kg1 Rh2 46. Ng2
Rxh5 47. e4 Bd4+ 48. Ne3 Rh4 49. Kg2 Bxe3 50. Rxe3 Ra8 51. Rff3 Ra4 52. Rxa3
Rhxe4 53. Rfb3 Re2+ 54. Kf1 Rxa2 55. Rb8+ Kg7 56. Rab3 Rc4 57. Rb1 Rcc2 58.
R8b7 e6 59. R7b6 d5 60. R6b5 c4 61. Ke1 h5 62. R5b3 cxb3 0-1

[Event "East Lansing (MI Op/7/13)"]
[Site "?"]
[Date "1985.??.??"]
[Round "?"]
[White "Rogan, M.."]
[Black "Stockham, James"]
[Result "1-0"]
[WhiteElo "2065"]
[BlackElo "1820"]
[PlyCount "103"]
[EventDate "1985.??.??"]

{7/(13)} 1. e4 c6 2. d4 d5 3. exd5 cxd5 4. c4 Nf6 5. Nc3 e6 6. Nf3 Bb4 7. a3
Bxc3+ 8. bxc3 Qa5 9. Qc2 Ne4 10. Bb2 Nd7 11. Bd3 Ndf6 12. O-O O-O 13. Ne5 b6
14. a4 Bb7 15. Ba3 dxc4 16. Bxc4 Qxc3 17. Qxc3 Nxc3 18. Bxf8 Kxf8 19. Rac1 Ncd5
20. Bb5 g6 21. Bc6 Bxc6 22. Rxc6 Kg7 23. Rfc1 h5 24. Rc8 Rxc8 25. Rxc8 Ng4 26.
Ra8 Nxe5 27. dxe5 a5 28. Rc8 g5 29. Kf1 h4 30. Ke2 Kg6 31. g4 hxg3 32. fxg3 Kf5
33. Rf8 f6 34. exf6 Nxf6 35. Kd3 Ke5 36. h4 gxh4 37. gxh4 Kf5 38. Kc4 Kg6 39.
Kb5 Nd5 40. Kc4 Ne3+ 41. Kd4 Nd5 42. Rd8 Ne7 43. Ke4 Nf5 44. Rb8 Nd6+ 45. Kd4
Nf5+ 46. Ke5 Ne3 47. Kxe6 Nc4 48. Kd5 Ne3+ 49. Kc6 Nc4 50. Rxb6 Kh5 51. Rb5+
Kxh4 52. Kc5 1-0

[Event "East Lansing (MI Op/2/22)"]
[Site "?"]
[Date "1985.??.??"]
[Round "?"]
[White "Rogan, M.."]
[Black "Skidmore, Mike"]
[Result "1-0"]
[WhiteElo "2065"]
[BlackElo "1860"]
[PlyCount "69"]
[EventDate "1985.??.??"]

{2/(22)} 1. e4 c5 2. Nf3 d6 3. d4 cxd4 4. Nxd4 Nf6 5. Nc3 e6 6. g3 Be7 7. Bg2
O-O 8. O-O Nc6 9. Nxc6 bxc6 10. e5 Nd5 11. exd6 Qxd6 12. Ne4 Qc7 13. c4 Nf6 14.
Be3 Nxe4 15. Bxe4 Bb7 16. Qc2 f5 17. Bg2 e5 18. f4 e4 19. g4 g6 20. gxf5 gxf5
21. Bh3 c5 22. Kh1 Rad8 23. Rg1+ Kh8 24. Rg3 Bh4 25. Qc3+ Bf6 26. Qa3 Bd4 27.
Rag1 Bxe3 28. Rxe3 Qxf4 29. Qxc5 Qd6 30. Qxa7 Rd7 31. Rb3 Bc6 32. Qe3 Qe5 33.
Rb6 Rd3 34. Qh6 Qe8 35. Qg7# 1-0

[Event "East Lansing (MI Op/4/12)"]
[Site "?"]
[Date "1985.??.??"]
[Round "?"]
[White "Rogan, M.."]
[Black "Graves, J.."]
[Result "1-0"]
[WhiteElo "2065"]
[BlackElo "1925"]
[PlyCount "77"]
[EventDate "1985.??.??"]

{4/(12)} 1. e4 e5 2. f4 Nf6 3. Nc3 d5 4. fxe5 Nxe4 5. Nf3 Bg4 6. d3 Nxc3 7.
bxc3 Be7 8. Be2 O-O 9. d4 c5 10. O-O Nc6 11. Rb1 Rb8 12. Be3 c4 13. h3 Be6 14.
Qe1 Bf5 15. Qd2 f6 16. exf6 Rxf6 17. Bf4 Ra8 18. Rxb7 Bc8 19. Rbb1 Rg6 20. Kh2
Bf5 21. Ne5 Nxe5 22. Bxe5 Be4 23. Bf3 Bxf3 24. Rxf3 Bd6 25. Rb7 Be7 26. Qf2 Bf6
27. Bxf6 gxf6 28. Qh4 h6 29. Qh5 Qd6+ 30. g3 Rg7 31. Rxg7+ Kxg7 32. Rf4 Rh8 33.
Rg4+ Kf8 34. Qf5 h5 35. Qc8+ Kf7 36. Qxh8 hxg4 37. Qh5+ Kf8 38. Qxg4 Qe7 39.
Qf3 1-0

[Event "East Lansing (MI Op/6/10)"]
[Site "?"]
[Date "1985.??.??"]
[Round "?"]
[White "Rogan, M.."]
[Black "Gipson, John"]
[Result "0-1"]
[WhiteElo "2065"]
[BlackElo "1920"]
[PlyCount "75"]
[EventDate "1985.??.??"]

{6/(10)} 1. e4 e6 2. d4 d5 3. Nc3 Nf6 4. Bg5 Be7 5. e5 Nfd7 6. Bxe7 Qxe7 7. f4
a6 8. Nf3 c5 9. a4 Nc6 10. Ne2 cxd4 11. Nfxd4 Qb4+ 12. c3 Qxb2 13. Rb1 Qa3 14.
g3 O-O 15. Bg2 Nxd4 16. cxd4 Rd8 17. O-O Nf8 18. g4 Rb8 19. Rf3 Qe7 20. a5 f6
21. exf6 Qxf6 22. g5 Qf7 23. h4 Bd7 24. Bh3 Bb5 25. f5 exf5 26. Bxf5 Qh5 27.
Ng3 Qxh4 28. Rb2 Qxg5 29. Rg2 Qe7 30. Nh5 g6 31. Qd2 Rd6 32. Qh6 Kh8 33. Rfg3
Be8 34. Nf4 Qg7 35. Qh4 Qxd4+ 36. Kh2 Qf6 37. Rg5 Bf7 38. Bd3 0-1

[Event "Westland (SEMO Res/2/29)"]
[Site "?"]
[Date "1985.??.??"]
[Round "?"]
[White "Robinson, S.."]
[Black "Johnson, K.."]
[Result "0-1"]
[WhiteElo "1605"]
[BlackElo "1685"]
[PlyCount "51"]
[EventDate "1985.??.??"]

{2/(29)} 1. e4 e5 2. Nf3 d6 3. h3 f5 4. d3 Nf6 5. Nc3 Be7 6. Bg5 O-O 7. Qe2 Be6
8. g3 Qd7 9. Bg2 c6 10. Nd2 Na6 11. O-O-O b5 12. exf5 Bxf5 13. Bxf6 Bxf6 14.
Nce4 Rac8 15. Rdf1 Be7 16. g4 Be6 17. a3 b4 18. a4 b3 19. c3 c5 20. f3 Qxa4 21.
Re1 d5 22. Nf2 Bg5 23. Qe3 Bxe3 24. Rxe3 d4 25. Rxe5 dxc3 26. Rxe6 {[Remainder
illegible; 0-1, 38?]} 0-1

[Event "Westland (SEMO Res/5/29)"]
[Site "?"]
[Date "1985.??.??"]
[Round "?"]
[White "Robinson, S.."]
[Black "Fuson, J.."]
[Result "0-1"]
[WhiteElo "1605"]
[BlackElo "1605"]
[PlyCount "72"]
[EventDate "1985.??.??"]

{5/(29)} 1. e4 e5 2. Bc4 Nf6 3. d3 Bc5 4. Be3 Bb6 5. Nf3 d6 6. O-O O-O 7. c3
Nc6 8. Nbd2 Be6 9. Bb3 Ng4 10. Bxb6 cxb6 11. h3 Nf6 12. Re1 Qc7 13. Ng5 Bxb3
14. Nxb3 h6 15. Nf3 Rfd8 16. Qc2 d5 17. exd5 Rxd5 18. Rad1 Rad8 19. Rd2 a5 20.
a4 Qd7 21. d4 exd4 22. Nbxd4 Nxd4 23. Nxd4 Qc8 24. Red1 Rg5 25. Kh1 Re8 26. Nf3
Rh5 27. Kg1 Qc5 28. Re2 Rxe2 29. Rd8+ Re8 30. Rd1 Rd5 31. Nd4 Rde5 32. Qd2 Qe7
33. Kf1 Ne4 34. Qc1 Qf6 35. Nf3 R5e7 36. Qc2 Ng5 {[Remainder illegible; 0-1,
60?]} 0-1

[Event "Westland (SEMO/1b/10)"]
[Site "?"]
[Date "1985.??.??"]
[Round "?"]
[White "Robinson, Don"]
[Black "Jarosz, Stan"]
[Result "0-1"]
[WhiteElo "1605"]
[BlackElo "2030"]
[PlyCount "100"]
[EventDate "1985.??.??"]

1. d4 d5 2. Nf3 Nf6 3. c4 e6 4. Nc3 Be7 5. Bg5 h6 6. Bh4 O-O 7. e3 b6 8. Be2
Nbd7 9. O-O Bb7 10. Rc1 c5 11. cxd5 exd5 12. Qa4 a6 13. Qc2 c4 14. Nd2 b5 15.
a3 Re8 16. Bf3 Qb6 17. Rfe1 g6 18. Bxf6 Nxf6 19. Rcd1 Rad8 20. g3 a5 21. h3 Kg7
22. Bg2 b4 23. axb4 axb4 24. Ne2 Ra8 25. Nc1 Ra1 26. b3 c3 27. Nf3 Rea8 28. Ne5
Qa5 29. Qe2 Ba6 30. Qf3 Qa3 31. Qf4 c2 32. Bxd5 cxd1=Q 33. Rxd1 Rf8 34. e4 Bd6
35. Kg2 Rc8 36. Qf3 Rc3 37. Qf4 Rcxc1 38. Rd2 g5 39. Qf5 Bc8 40. Nd3 Bxf5 41.
exf5 Rg1+ 42. Kf3 Nxd5 43. Kg4 Nf6+ 44. Kf3 Qxb3 45. Ke2 Rad1 46. Rxd1 Qxd1+
47. Ke3 Bxg3 48. fxg3 Rxg3+ 49. Kf2 Qxd3 50. Ke1 Rg2 0-1

[Event "East Detroit (MCO/3/39)"]
[Site "?"]
[Date "1985.??.??"]
[Round "?"]
[White "Roberts, Kenneth"]
[Black "Jamilla, O.."]
[Result "1-0"]
[WhiteElo "1605"]
[BlackElo "1605"]
[PlyCount "115"]
[EventDate "1985.??.??"]

{3/(39)} 1. Nf3 e6 2. c4 c5 3. Nc3 Nc6 4. g3 d5 5. cxd5 exd5 6. d4 Bg4 7. Bg2
Bxf3 8. Bxf3 cxd4 9. Nxd5 Nf6 10. Bg5 Be7 11. Nxe7 Qxe7 12. Bxc6+ bxc6 13. Qxd4
Rd8 14. Qc3 Qd6 15. Bxf6 gxf6 16. Rc1 O-O 17. Qc2 Qd5 18. O-O Qe5 19. Rfd1 Rde8
20. Rd2 Re6 21. Rcd1 Rfe8 22. e3 Kg7 23. Rd4 f5 24. Rf4 Rf6 25. Rd7 a5 26. Ra7
Rb8 27. Qc3 Qxc3 28. bxc3 Rb5 29. Ra4 Rd6 30. R7xa5 Rb1+ 31. Kg2 Kg6 32. Rd4
Re6 33. a4 Rc1 34. c4 Rc2 35. Rf4 Rf6 36. Ra8 Kg7 37. a5 Ra2 38. Rd4 Ra4 39. a6
c5 40. Rf4 h6 41. a7 Raa6 42. Rc8 Rxa7 43. Rxc5 Kg6 44. h3 Raa6 45. g4 fxg4 46.
Rxf6+ Kxf6 47. hxg4 Ke6 48. f4 Kd6 49. Rh5 Kc7 50. Rf5 Re6 51. Rxf7+ Kc6 52.
Kf3 Kc5 53. Rc7+ Kd6 54. Rc8 Kd7 55. Rc5 Kd6 56. Rh5 Rf6 57. g5 hxg5 58. Rxg5
1-0

[Event "East Detroit (MCO/1/14)"]
[Site "?"]
[Date "1985.??.??"]
[Round "?"]
[White "Roberts, Kenneth"]
[Black "Harris, T.."]
[Result "1/2-1/2"]
[WhiteElo "1605"]
[BlackElo "2070"]
[PlyCount "63"]
[EventDate "1985.??.??"]

{1/(14)} 1. Nf3 Nf6 2. d4 c5 3. d5 d6 4. c4 g6 5. Nc3 Bg7 6. e4 O-O 7. Be2 e6
8. O-O exd5 9. exd5 Bf5 10. Bd3 Bxd3 11. Qxd3 Na6 12. a3 Nc7 13. Bg5 Qd7 14.
Rfe1 Rfe8 15. Rad1 Rab8 16. Nd2 a6 17. b3 b5 18. Nce4 Nxe4 19. Nxe4 f5 20. Nf6+
Bxf6 21. Bxf6 Rxe1+ 22. Rxe1 Re8 23. Rxe8+ Nxe8 24. Bb2 Kf7 25. Qh3 h5 26. Qe3
Qe7 27. Qxe7+ Kxe7 28. f4 Nf6 29. Bxf6+ Kxf6 30. h4 Ke7 31. a4 Kd7 32. a5
1/2-1/2

[Event "East Detroit (MCO/5/22)"]
[Site "?"]
[Date "1985.??.??"]
[Round "?"]
[White "Roberts, Kenneth"]
[Black "Gould, J.."]
[Result "0-1"]
[WhiteElo "1605"]
[BlackElo "1910"]
[PlyCount "62"]
[EventDate "1985.??.??"]

{5/(22)} 1. Nf3 Nf6 2. c4 Nc6 3. d4 e5 4. dxe5 Ng4 5. Bf4 f6 6. Qd5 Nb4 7. Qd1
Bc5 8. Bg3 O-O 9. a3 fxe5 10. axb4 Bxb4+ 11. Nc3 Kh8 12. Nxe5 Qf6 13. Qd4 d6
14. Nf3 Ne5 15. Bxe5 dxe5 16. Qxe5 Qg6 17. Rc1 Bg4 18. Qg5 Qe6 19. Nd4 Qf7 20.
Qxg4 Qxf2+ 21. Kd1 Rf4 22. Qxf4 Qxf4 23. Nf3 Rd8+ 24. Kc2 Bxc3 25. bxc3 Qxc4
26. Ra1 b5 27. e3 Qe4+ 28. Kb3 Qxe3 29. Bxb5 Qb6 30. Kb4 c6 31. Ra6 Qxb5+ 0-1

[Event "Westland (SEMO Res/1b/19)"]
[Site "?"]
[Date "1985.??.??"]
[Round "?"]
[White "Riseman, J.."]
[Black "Smeckert, Dennis"]
[Result "1-0"]
[WhiteElo "1620"]
[BlackElo "1605"]
[PlyCount "39"]
[EventDate "1985.??.??"]

1. e4 e5 2. Nf3 Nc6 3. d4 exd4 4. Nxd4 Nxd4 5. Qxd4 Nf6 6. Nc3 c5 7. Qe5+ Qe7
8. Qxe7+ Bxe7 9. e5 Ng4 10. Nd5 Bd8 11. f4 O-O 12. Be2 Nxe5 13. fxe5 Re8 14.
Bf4 b6 15. O-O-O d6 16. Bb5 Re6 17. exd6 Bb7 18. Nc7 Bxc7 19. dxc7 Bc6 20. Bxc6
1-0

[Event "East Detroit (MCO/6/18)"]
[Site "?"]
[Date "1985.??.??"]
[Round "?"]
[White "Riseman, J.."]
[Black "Moody, David"]
[Result "0-1"]
[WhiteElo "1740"]
[BlackElo "2010"]
[PlyCount "94"]
[EventDate "1985.??.??"]

{6/(18)} 1. d4 Nf6 2. c4 c5 3. d5 e6 4. Nc3 exd5 5. cxd5 d6 6. e4 g6 7. Bb5+
Bd7 8. Qb3 Bg7 9. Nf3 O-O 10. O-O Bg4 11. Nd2 a6 12. Be2 b5 13. Bxg4 Nxg4 14.
Qd1 Ne5 15. Qe2 c4 16. f4 Nd3 17. Nf3 Nd7 18. Rb1 Re8 19. Nd2 N7c5 20. Nd1 Qa5
21. a3 Qa4 22. Nc3 Qc2 23. Qd1 Bd4+ 24. Kh1 Qxd1 25. Nxd1 Nxe4 26. Nxe4 Rxe4
27. g3 Rae8 28. Bd2 Re2 29. Bb4 Nxb4 30. axb4 Re1 31. Nc3 Bxc3 32. bxc3 Rxf1+
33. Rxf1 Re3 34. Ra1 Rxc3 35. Rxa6 Rb3 36. Rxd6 Kf8 37. Kg2 Rxb4 38. Kf3 c3 39.
Rc6 Rc4 40. Rxc4 bxc4 41. Ke2 Ke7 42. Kd1 Kd6 43. Kc2 Kxd5 44. Kxc3 f5 45. h3
h5 46. Kd2 Ke4 47. Ke2 c3 0-1

[Event "East Detroit (MCO/1/41)"]
[Site "?"]
[Date "1985.??.??"]
[Round "?"]
[White "Riseman, J.."]
[Black "Lynch, W.."]
[Result "1-0"]
[WhiteElo "1740"]
[BlackElo "1605"]
[PlyCount "99"]
[EventDate "1985.??.??"]

{1/(41)} 1. d4 d5 2. c4 e6 3. Nc3 Nf6 4. Nf3 Nbd7 5. Bg5 c6 6. e3 Qa5 7. Bd3
Ne4 8. Qa4 Bb4 9. Qxa5 Bxa5 10. Bxe4 Bxc3+ 11. bxc3 dxe4 12. Nd2 f5 13. Bf4 O-O
14. a4 a5 15. c5 e5 16. Bxe5 Nxe5 17. dxe5 Be6 18. Rb1 Rab8 19. O-O Rfe8 20. f4
Red8 21. Nb3 Bxb3 22. Rxb3 Rd3 23. Rfb1 Rd7 24. Rb6 Rc7 25. Ra6 Kf7 26. Rxa5
Ke6 27. c4 h6 28. h4 g6 29. Ra7 Kd7 30. a5 Kc8 31. a6 bxa6 32. Rxb8+ Kxb8 33.
Rxa6 Kb7 34. Ra1 Rd7 35. e6 Re7 36. Rd1 Rxe6 37. Rd6 Rxd6 38. cxd6 c5 39. g4
Kc6 40. h5 gxh5 41. gxf5 Kxd6 42. Kg2 Ke7 43. Kh3 Kf6 44. Kh4 Kxf5 45. Kxh5 Ke6
46. Kxh6 Kf6 47. Kh5 Kf5 48. Kh4 Kf6 49. Kg4 Ke6 50. f5+ 1-0

[Event "East Detroit (MCO/5/30)"]
[Site "?"]
[Date "1985.??.??"]
[Round "?"]
[White "Riseman, J.."]
[Black "Keeley, G.."]
[Result "1-0"]
[WhiteElo "1740"]
[BlackElo "1605"]
[PlyCount "107"]
[EventDate "1985.??.??"]

{5/(30)} 1. d4 Nf6 2. c4 e6 3. Nc3 Bb4 4. Bd2 c5 5. e3 d5 6. a3 Bxc3 7. Bxc3
cxd4 8. Bxd4 Nc6 9. Bc3 O-O 10. Nf3 a6 11. Bd3 h6 12. c5 Qe7 13. b4 e5 14. Bc2
d4 15. Bd2 Rd8 16. Qb1 e4 17. Nxd4 Nxd4 18. exd4 Rxd4 19. Be3 Rd5 20. O-O Qe5
21. Qc1 Ng4 22. Bf4 Qf6 23. h3 Ne5 24. Bxe5 Rxe5 25. Qe3 Bf5 26. Rfe1 Rae8 27.
Rad1 g5 28. Rd6 Qg7 29. Ba4 R8e7 30. g4 Bg6 31. c6 bxc6 32. Rxc6 R7e6 33. Rec1
Rxc6 34. Rxc6 h5 35. Rxa6 Rd5 36. Bc2 hxg4 37. hxg4 Qa1+ 38. Kg2 Rd4 39. Ra8+
Kg7 40. Qh3 Bh7 41. Qe3 Rc4 42. Qxg5+ Bg6 43. Qh4 Bh7 44. g5 Rc6 45. Bxe4 Bxe4+
46. Qxe4 Rg6 47. Qh4 Re6 48. Qh8+ Kg6 49. Qxa1 Kxg5 50. Qd4 Rg6 51. Ra5+ Kh6+
52. Kh2 Kh7 53. Rh5+ Kg8 54. Rh8# 1-0

[Event "Westland (SEMO Res/3/23)"]
[Site "?"]
[Date "1985.??.??"]
[Round "?"]
[White "Riseman, J.."]
[Black "Clark, K.."]
[Result "1-0"]
[WhiteElo "1620"]
[BlackElo "1710"]
[PlyCount "55"]
[EventDate "1985.??.??"]

{3/(23)} 1. e4 e5 2. f4 Bc5 3. Nf3 d6 4. fxe5 dxe5 5. Bc4 Nc6 6. c3 Nf6 7. Ng5
O-O 8. Qb3 Qe7 9. d3 Na5 10. Bxf7+ Rxf7 11. Qxf7+ Qxf7 12. Nxf7 Kxf7 13. b4
Bxb4 14. cxb4 Nc6 15. Bd2 Nd4 16. Na3 Bg4 17. Bc3 Rd8 18. h3 Bh5 19. g4 Bg6 20.
g5 Nf3+ 21. Ke2 Nxg5 22. Bxe5 Nh5 23. Bxc7 Rd7 24. Raf1+ Ke6 25. Bf4 Nxf4+ 26.
Rxf4 Ke5 27. Ke3 Ne6 28. Nc4# 1-0

[Event "East Detroit (MCO/3/34)"]
[Site "?"]
[Date "1985.??.??"]
[Round "?"]
[White "Riseman, J.."]
[Black "Alayli, S.."]
[Result "1-0"]
[WhiteElo "1740"]
[BlackElo "1605"]
[PlyCount "75"]
[EventDate "1985.??.??"]

{3/(34)} 1. Nf3 Nf6 2. d4 d5 3. c4 e6 4. Bg5 Be7 5. Nc3 c6 6. e3 O-O 7. Qc2 h6
8. Bf4 c5 9. cxd5 Nxd5 10. Nxd5 Qxd5 11. Bc4 Qd8 12. O-O b6 13. Qe4 Ba6 14.
Qxa8 Bxc4 15. Rfe1 a6 16. Qxb8 Qxb8 17. Bxb8 Rxb8 18. Ne5 Bb5 19. Red1 Rc8 20.
Rac1 g5 21. dxc5 bxc5 22. Nc4 Rb8 23. b3 Kg7 24. Nd6 Rd8 25. Nxb5 Rxd1+ 26.
Rxd1 axb5 27. Rd7 Kf6 28. Kf1 e5 29. Rb7 b4 30. Rb6+ Kg7 31. g4 f6 32. e4 Kf7
33. Ke2 Ke8 34. Kd3 Kd8 35. Kc4 Kd7 36. Rb7+ Kd6 37. Rxe7 Kxe7 38. Kxc5 1-0